صوبہ سرحد میں جنگ آزادی / (Record no. 108163)

MARC details
000 -LEADER
fixed length control field 00884nam a22002537a 4500
005 - DATE AND TIME OF LATEST TRANSACTION
control field 20170123162336.0
010 ## - LIBRARY OF CONGRESS CONTROL NUMBER
LC control number B-050513
020 ## - INTERNATIONAL STANDARD BOOK NUMBER
Terms of availability 100.00
International Standard Book Number 818723137
035 ## - SYSTEM CONTROL NUMBER
System control number B-050513
037 ## - SOURCE OF ACQUISITION
Source of stock number/acquisition Cen Lib/Ret
040 ## - CATALOGING SOURCE
Original cataloging agency DPL
Language of cataloging UR
082 ## - DEWEY DECIMAL CLASSIFICATION NUMBER
Classification number 921
Item number س ا ه
100 ## - MAIN ENTRY--PERSONAL NAME
Personal name جاگت رام ساہنی
9 (RLIN) 421
245 ## - TITLE STATEMENT
Title صوبہ سرحد میں جنگ آزادی /
Statement of responsibility, etc جاگت رام ساہنی
246 ## - VARYING FORM OF TITLE
Title proper/short title Sooba sarhad men jang-e-azadi /
Remainder of title by Jagat Ram Sahni
260 ## - PUBLICATION, DISTRIBUTION, ETC. (IMPRINT)
Name of publisher, distributor, etc تخلکار پبلشرس
Place of publication, distribution, etc دہلی
Date of publication, distribution, etc 2001
270 ## - ADDRESS
City دہلی
Address 104/B- یاور منزل آی بلاک لکشمی نگر
Postal code 110092
300 ## - PHYSICAL DESCRIPTION
Extent 158p.
Dimensions 21cm(Hb)
650 ## - SUBJECT ADDED ENTRY--TOPICAL TERM
Topical term or geographic name as entry element ادب -- اردو
9 (RLIN) 124267
650 ## - SUBJECT ADDED ENTRY--TOPICAL TERM
Topical term or geographic name as entry element اردو سوانے عمری
9 (RLIN) 124268
650 ## - SUBJECT ADDED ENTRY--TOPICAL TERM
Topical term or geographic name as entry element Literature -- urdu
9 (RLIN) 124269
650 ## - SUBJECT ADDED ENTRY--TOPICAL TERM
Topical term or geographic name as entry element urdu biography
9 (RLIN) 511
942 ## - ADDED ENTRY ELEMENTS (KOHA)
Source of classification or shelving scheme Dewey Decimal Classification
Koha item type Urdu Bks
Classification part 921
Call number suffix س ا ه
Holdings
Withdrawn status Lost status Damaged status Not for loan Home library Current library Date acquired Source of acquisition Cost, normal purchase price Total Checkouts Full call number Barcode Date last seen Copy number Cost, replacement price Price effective from Koha item type
        Central Library Central Library 15/01/2016 Cen Lib/Ret 100.00   921 س ا ه B-050513 15/01/2016 1 100.00 15/01/2016 Urdu Bks

© Delhi Public Library
Hit Counter
free hit counter